LEADER 01807nam a2200385 u 4500 001 000000030286 003 CaOOAMICUS 005 20070226112018.0 008 970911s1982 nyu u000 u eng u 020 $a0385000340 035 $a10769181 040 $aPUL(R)$bita 130 0 $aBiblia.$pV.T.$pIosue.$lInglese.$0(OLS)http://pul/title/41619 245 10$aJoshua :$ba new translations with notes and commentary /$cby Robert G. Boling ; introduction by G. Ernest Wright. 260 $aGarden City, N.Y. :$bDoubleday & Company,$c1982. 300 $axvii, 580 p. ;$c23 cm 490 1 $aThe Anchor Bible ;$v6 500 $aIndici: p. 547-580. 630 04$aBiblia.$pV.T.$pIosue.$0(OLS)http://pul/subject/24588 700 1 $aBoling, Robert G.$0(OLS)http://pul/name/24425 700 1 $aWright, G. Ernest.$0(OLS)http://pul/name/24424 830 4$aThe Anchor Bible ;$v6.$0(OLS)http://pul/title/18634 850 $aPUL 852 $aPUL$W1$xSL Religione 1$y3$m1(6) G 6$j41831$nBK-PRI$b $qStampati$B41831$CPULBib$Z2$F41831 $H $81 852 $aPUL$W1$xDP1 Fondo Ciprotti$y59$m1532 A 5$j41832$nBK-PRI$b $qFondi$B41832$CPULBib$Z2$F41832 $H $81 852 $aPUL$W1$xDP1 Fondo Gelio$y54$m3 A 15$j41833$nBK-PRI$b $qFondi$B41833$CPULBib$Z2$F41833 $HPUL339 $81 941 1 $a8 941 1 $a1 960 $aBiblia.$pV.T.$pJosué$924588 960 $aBiblia$aV.T. $aGiosuč $924588 961 $aINV: 50737 961 $aINV: 0012. Fondo Ciprotti 996 $6020$a0385000340$9(OLS)http://pul/number/38007 996 $6245$aJoshua :$ba new translations with notes and commentary$9(OLS)http://pul/title/41620 996 $6260$aGarden City, N.Y. :$bDoubleday & Company$9(OLS)http://pul/publisher/60619 LEADER 01148nam a2200289 4500 001 000000149084 003 CaOOAMICUS 005 20160203143917.0 008 160203s2013 it 000 u ita r 020 $a978-88-06-21558-3* 032 $aLibriCat 040 $aPUL$bita 100 1 $aGallino, Luciano.$0(OLS)http://pul/name/4303 245 00$aFinanzcapitalismo: $bla civiltą del denaro in crisi /$cLuciano Gallino. 260 $aTorino :$bEinaudi,$c2013. 300 $a324 p. ;$c22 cm 490 1 $aET Saggi ;$v1741 504 $aBibliografia in nota. 650 4$aFinanza internazionale.$0(OLS)http://pul/subject/35917 830 0$aET Saggi ;$v1741.$0(OLS)http://pul/title/142774 850 $aPUL 852 $aPUL$W1$xSL Diritto e Scienze Sociali 3$y79$m332. 042 GALLU 1$j171753$qDDC 21$B173317$CPULBib$Z2$F173317 $H127030 $81 941 1 $a9 996 $6020$a978-88-06-21558-3*$9(OLS)http://pul/number/159535 996 $6245$aFinanzcapitalismo: $bla civiltą del denaro in crisi$9(OLS)http://pul/title/187980 996 $6260$aTorino :$bEinaudi$9(OLS)http://pul/publisher/48130